00662nam a2200169Ia 4500008004100000041000800041082001600049100001400065245012100079260002100200300000800221365001600229700001400245906005000259999001900309952016400328230718s9999 xx 000 0 und d aeng a005.72bVER aVerens K. aJQuery 1.3 With PHPbEnhance Your PHP Applications By Increasing Their Responsiveness Through JQuery And Its Plugins c2010bPackt Pub. a230 cRs.b350.00 aVerens K. dO:0074117-Mar-2010B:668622-Feb-2010cCOMPb70 c324524d324524 00104070aCCEPbCCEPd2010-03-17eRadiant Book ServicefCOMPg280.00i6686l0o005.72pCCEP-BK-35731r2023-07-18 00:00:00t70v350.00w2010-02-22yBKz035731